000 00630nam a2200241Ia 4500
003 OSt
005 20220924132124.0
006 a|||||r|||| 00| 0
007 ta
008 220923b |||||||| |||| 00| 0 san d
024 _a16922
037 _cTextual
040 _aARTS
_cARTS
_bsan
041 _2san
_asan
082 _aQ24:2, 15E9
100 _aSharma Vamana Sastri ed
_9203805
245 0 _aGanesa tharvasirsam with comm
260 _c1919
490 _aAnandasrama sanskrit series; 1
650 _aRELIGION
942 _hQ24:2, 15E9
_cTEXL
_2CC
999 _c429338
_d429338